[Event "Belgrade Trophy 30th"]
[Site "Belgrade"]
[Date "2016.11.25"]
[Round "2"]
[White "Andrejevic, Miladin"]
[Black "Stankovic, Branislav D"]
[Result "0-1"]
[WhiteElo "1706"]
[BlackElo "2292"]
[PlyCount "42"]
[EventDate "2016.11.24"]
[EventType "swiss"]
[EventRounds "9"]
[EventCountry "SRB"]
[SourceTitle "CBM 175 Extra"]
[Source "ChessBase"]
[SourceDate "2016.12.12"]
[SourceVersion "1"]
[SourceVersionDate "2016.12.12"]
[SourceQuality "1"]

1. e4 e5 2. Nf3 Nc6 3. Bb5 a6 4. Bxc6 dxc6 5. d4 exd4 6. Bg5 f6 7. Bh4 c5 8. Nbd2 Be6 9. e5 Qd5 10. exf6 Nxf6 11. Qe2 0-0-0 12. Bxf6 gxf6 13. 0-0 Bf5 14. Nh4 Bxc2 15. Rac1 Ba4 16. Ne4 f5 17. Nf6 Qd6 18. Nh5 Bb5 19. Nxf5 Bxe2 20. Nxd6+ Bxd6 21. Rfe1 Bxh5 0-1

[Event "Belgrade Spring op"]
[Site "Belgrade"]
[Date "2010.03.25"]
[Round "3"]
[White "Andrejevic, Miladin"]
[Black "Vujadinovic, Milan"]
[Result "1/2-1/2"]
[WhiteElo "1935"]
[BlackElo "2109"]
[PlyCount "97"]
[EventDate "2010.03.23"]
[EventType "swiss"]
[EventRounds "9"]
[EventCountry "YUG"]
[SourceTitle "CBM 135 Extra"]
[Source "ChessBase"]
[SourceDate "2010.05.04"]
[SourceVersion "1"]
[SourceVersionDate "2010.05.04"]
[SourceQuality "1"]

1. e4 e6 2. d4 d5 3. Nd2 c5 4. exd5 Qxd5 5. dxc5 Bxc5 6. Ngf3 Nf6 7. Bc4 Qd6 8. 0-0 0-0 9. Qe2 Nc6 10. c3 a6 11. Nb3 Ba7 12. Rd1 Qc7 13. Bg5 Ng4 14. Bh4 Nce5 15. Nxe5 Nxe5 16. Bd3 Nxd3 17. Rxd3 e5 18. Re1 f6 19. Kh1 Qc4 20. Bg3 Bf5 21. Rd2 Qxe2 22. Rexe2 g5 23. f3 Rfd8 24. Bf2 Rxd2 25. Rxd2 Bxf2 26. Rxf2 Rd8 27. Rd2 Rxd2 28. Nxd2 Kf7 29. Kg1 Be6 30. a3 f5 31. Kf2 Kf6 32. g3 h5 33. c4 g4 34. b4 Bd7 35. Nb3 gxf3 36. Kxf3 Bc6+ 37. Kf2 Kg5 38. Nc5 h4 39. Nd3 hxg3+ 40. hxg3 Kf6 41. Ke3 Ke6 42. Nb2 b5 43. Kd3 bxc4+ 44. Kxc4 Bb5+ 45. Kc3 Kd5 46. a4 Be8 47. Kd3 f4 48. gxf4 exf4 49. Ke2 1/2-1/2

[Event "Belgrade Spring op"]
[Site "Belgrade"]
[Date "2010.03.23"]
[Round "1"]
[White "Andrejevic, Miladin"]
[Black "Skare, Goran"]
[Result "0-1"]
[WhiteElo "1935"]
[BlackElo "2293"]
[PlyCount "54"]
[EventDate "2010.03.23"]
[EventType "swiss"]
[EventRounds "9"]
[EventCountry "YUG"]
[SourceTitle "CBM 135 Extra"]
[Source "ChessBase"]
[SourceDate "2010.05.04"]
[SourceVersion "1"]
[SourceVersionDate "2010.05.04"]
[SourceQuality "1"]

1. e4 c5 2. Nf3 Nc6 3. d4 cxd4 4. Nxd4 Nf6 5. Nc3 e5 6. Ndb5 d6 7. Nd5 Nxd5 8. exd5 Nb8 9. Qf3 a6 10. Qa3 Be7 11. Bg5 f6 12. Bd2 0-0 13. Bb4 Bf5 14. Bxd6 Bxd6 15. Nxd6 Bxc2 16. Rc1 Bg6 17. Nxb7 Qb6 18. Na5 Bf7 19. Bc4 Rd8 20. Nc6 Nxc6 21. dxc6 Bxc4 22. Rxc4 Rac8 23. Qe7 Qa5+ 24. b4 Qd5 25. Rd4 exd4 26. 0-0 Qxc6 27. h4 d3 0-1

[Event "Belgrade-ch"]
[Site "Belgrade"]
[Date "2010.01.31"]
[Round "9"]
[White "Andrejevic, Miladin"]
[Black "Zivkovic, Dragoslav"]
[Result "1-0"]
[WhiteElo "1914"]
[BlackElo "2048"]
[PlyCount "225"]
[EventDate "2010.01.23"]
[EventType "swiss"]
[EventRounds "9"]
[EventCountry "YUG"]
[SourceTitle "CBM 134 Extra"]
[Source "ChessBase"]
[SourceDate "2010.03.03"]
[SourceVersion "1"]
[SourceVersionDate "2010.03.03"]
[SourceQuality "1"]

1. e4 d5 2. exd5 Qxd5 3. Nc3 Qa5 4. Nf3 Bg4 5. h3 Bh5 6. d4 c6 7. Bd2 Qc7 8. Bd3 e6 9. g4 Bg6 10. Qe2 Bxd3 11. Qxd3 Nd7 12. Ng5 Ngf6 13. 0-0-0 h6 14. Nge4 0-0-0 15. Qf3 Nxe4 16. Nxe4 Nb6 17. Ba5 Rd5 18. Bxb6 axb6 19. Kb1 b5 20. Rd3 Rd7 21. Rhd1 Bd6 22. h4 Rhd8 23. Rg1 Bf8 24. Rgd1 b6 25. g5 hxg5 26. Nxg5 Be7 27. a3 Bxg5 28. hxg5 Rd5 29. Qg4 Rf5 30. Rf3 Rdd5 31. Rxf5 Rxf5 32. Qh4 g6 33. a4 bxa4 34. d5 Rxd5 35. Rxd5 exd5 36. Qxa4 Kb7 37. Qg4 Qc8 38. Qb4 Qe6 39. f4 c5 40. Qd2 Kc6 41. b4 Qe4 42. bxc5 bxc5 43. Kc1 Qa4 44. Qh2 Qe4 45. Kb1 d4 46. Qh8 Qe1+ 47. Kb2 Qe7 48. Kc1 Kb7 49. Qh1+ Ka7 50. Qc6 Kb8 51. Qb6+ Kc8 52. Qc6+ Kd8 53. Qa8+ Kd7 54. Qb7+ Kd6 55. Qb6+ Kd5 56. Qb3+ Ke4 57. Qg3 Kf5 58. Qg2 Qe3+ 59. Kb2 Kxf4 60. Qd5 Qe5 61. Qxf7+ Kxg5 62. Kb1 Qf5 63. Qe7+ Kf4 64. Qd6+ Kf3 65. Qc6+ Ke3 66. Qg2 c4 67. Qg1+ Ke4 68. Qg2+ Ke5 69. Qc6 Qe6 70. Qc7+ Kf5 71. Qg3 Qe3 72. Qc7 c3 73. Qf7+ Kg5 74. Qf1 Kg4 75. Qg2+ Kf5 76. Qd5+ Kf4 77. Qd6+ Kg5 78. Qd8+ Kh5 79. Qh8+ Kg4 80. Qc8+ Kg3 81. Qc7+ Qf4 82. Qc4 g5 83. Qd3+ Kg2 84. Qe2+ Kh3 85. Qd3+ Qe3 86. Qf5+ Kg2 87. Qg4+ Kf2 88. Qf5+ Ke2 89. Qg4+ Kd2 90. Qg2+ Kd1 91. Qf1+ Kd2 92. Qg2+ Ke1 93. Qh1+ Ke2 94. Qg2+ Ke1 95. Qh1+ Kf2 96. Qh2+ Kf1 97. Qh1+ Ke2 98. Qg2+ Qf2 99. Qxg5 Qf1+ 100. Ka2 Kd1 101. Kb1 d3 102. Qc1+ Ke2 103. Qxf1+ Kxf1 104. cxd3 Ke2 105. Kc2 Ke3 106. Kxc3 Kf4 107. Kd4 Kf5 108. Kd5 Kf6 109. Kd6 Kf7 110. d4 Ke8 111. Kc7 Ke7 112. d5 Ke8 113. d6 1-0

[Event "Belgrade-ch"]
[Site "Belgrade"]
[Date "2010.01.29"]
[Round "7"]
[White "Andrejevic, Miladin"]
[Black "Nonkovic, Nikola"]
[Result "1-0"]
[WhiteElo "1914"]
[BlackElo "1736"]
[PlyCount "85"]
[EventDate "2010.01.23"]
[EventType "swiss"]
[EventRounds "9"]
[EventCountry "YUG"]
[SourceTitle "CBM 134 Extra"]
[Source "ChessBase"]
[SourceDate "2010.03.03"]
[SourceVersion "1"]
[SourceVersionDate "2010.03.03"]
[SourceQuality "1"]

1. e4 c5 2. Nf3 Nf6 3. Nc3 Nc6 4. d4 d5 5. exd5 Nxd5 6. Nxd5 Qxd5 7. Be3 cxd4 8. Nxd4 a6 9. Nxc6 Qxc6 10. Qd3 e5 11. Qc4 Bd7 12. 0-0-0 Be7 13. f4 exf4 14. Qxf4 Be6 15. Kb1 0-0 16. Bd3 Bf6 17. Bd4 Bxd4 18. Qxd4 Rad8 19. Qh4 h6 20. Bh7+ Kxh7 21. Rxd8 Rxd8 22. Qxd8 Qxg2 23. Qd1 Bf5 24. h4 g6 25. Re1 h5 26. Re7 Be6 27. Qe1 Qd5 28. b3 Kg7 29. Rc7 b5 30. a3 Qd6 31. Ra7 Bf5 32. Qc3+ Qf6 33. Qxf6+ Kxf6 34. Kc1 Be6 35. a4 bxa4 36. bxa4 g5 37. hxg5+ Kxg5 38. Kd2 Kg4 39. Ke3 h4 40. Kf2 h3 41. Ra8 f5 42. Rxa6 Bd5 43. Rh6 1-0

[Event "Belgrade-ch"]
[Site "Belgrade"]
[Date "2010.01.23"]
[Round "1"]
[White "Andrejevic, Miladin"]
[Black "Indjic, Dusan"]
[Result "0-1"]
[WhiteElo "1914"]
[BlackElo "2316"]
[PlyCount "54"]
[EventDate "2010.01.23"]
[EventType "swiss"]
[EventRounds "9"]
[EventCountry "YUG"]
[SourceTitle "CBM 134 Extra"]
[Source "ChessBase"]
[SourceDate "2010.03.03"]
[SourceVersion "1"]
[SourceVersionDate "2010.03.03"]
[SourceQuality "1"]

1. e4 c5 2. Nf3 Nc6 3. d4 cxd4 4. Nxd4 Nf6 5. Nc3 d6 6. Be2 e5 7. Nb3 Be7 8. 0-0 0-0 9. Bd3 h6 10. Be3 Be6 11. Kh1 Nb4 12. Be2 d5 13. exd5 Nbxd5 14. Nxd5 Nxd5 15. Bc5 b6 16. Bxe7 Qxe7 17. Bf3 Rad8 18. Qe2 Qc7 19. Rfe1 Nb4 20. Be4 f5 21. Bd3 e4 22. Rec1 Bxb3 23. cxb3 exd3 24. Qd2 Nc2 25. Rab1 Rfe8 26. Qc3 Qxc3 27. bxc3 d2 0-1

[Event "Belgrade Summer op"]
[Site "Belgrade"]
[Date "2009.06.10"]
[Round "8"]
[White "Andrejevic, Miladin"]
[Black "Ruzicic, Sinisa"]
[Result "0-1"]
[WhiteElo "1950"]
[BlackElo "2008"]
[PlyCount "67"]
[EventDate "2009.06.02"]
[EventType "swiss"]
[EventRounds "9"]
[EventCountry "SRB"]
[SourceTitle "EXT 2019"]
[Source "ChessBase"]
[SourceDate "2018.10.10"]
[SourceVersion "1"]
[SourceVersionDate "2018.10.10"]
[SourceQuality "1"]

1. e4 c5 2. Nf3 d6 3. Nc3 Nf6 4. d4 cxd4 5. Nxd4 a6 6. Bd3 e6 7. Qe2 Nbd7 8. g4 Ne5 9. g5 Nxd3+ 10. Qxd3 Nd7 11. Qg3 Be7 12. h4 Qc7 13. h5 b5 14. a3 Bb7 15. Rg1 g6 16. Qh3 0-0-0 17. Be3 Kb8 18. f3 Nb6 19. Bc1 d5 20. exd5 Bc5 21. Rg4 Nxd5 22. Nxd5 Rxd5 23. c3 e5 24. Nb3 Bc8 25. Bd2 Rhd8 26. 0-0-0 Be3 27. hxg6 hxg6 28. Qg3 Bxg4 29. fxg4 Rd3 30. Qg2 Rxc3+ 31. Kb1 Rxb3 32. Rc1 Rxd2 33. Qh1 Rbxb2+ 34. Ka1 0-1

[Event "Belgrade Spring op"]
[Site "Belgrade"]
[Date "2009.03.26"]
[Round "5"]
[White "Andrejevic, Miladin"]
[Black "Dimitrijevic, Radmilo"]
[Result "0-1"]
[WhiteElo "1973"]
[BlackElo "2218"]
[PlyCount "76"]
[EventDate "2009.03.21"]
[EventType "swiss"]
[EventRounds "9"]
[EventCountry "YUG"]
[SourceTitle "CBM 129 Extra"]
[Source "ChessBase"]
[SourceDate "2009.05.05"]
[SourceVersion "2"]
[SourceVersionDate "2009.05.20"]
[SourceQuality "1"]

1. e4 c5 2. Nf3 Nf6 3. Nc3 Nc6 4. d4 d5 5. exd5 Nxd5 6. Nxd5 Qxd5 7. c4 Qe4+ 8. Be3 cxd4 9. Nxd4 e5 10. Nxc6 Qxc6 11. a3 Be7 12. Be2 Qxg2 13. Bf3 Qg6 14. Qd5 0-0 15. Be4 Qh5 16. Qd1 Bg4 17. f3 Bh4+ 18. Bf2 Bxf2+ 19. Kxf2 Qh4+ 20. Ke2 Be6 21. b3 Rad8 22. Qe1 Qf4 23. Qc1 Qh4 24. Qe1 Qh6 25. Qc1 Qh5 26. Qe3 Rd7 27. Rad1 Rc7 28. Qxa7 f5 29. Bd5 Bxd5 30. Rxd5 e4 31. Qe3 exf3+ 32. Qxf3 Re7+ 33. Kf2 Qh4+ 34. Qg3 Qe4 35. Qf3 Qc2+ 36. Kg3 f4+ 37. Kg4 Re3 38. Qd1 Qg2+ 0-1

[Event "Belgrade Spring op"]
[Site "Belgrade"]
[Date "2009.03.24"]
[Round "4"]
[White "Andrejevic, Miladin"]
[Black "Kos, Milorad"]
[Result "1-0"]
[WhiteElo "1973"]
[BlackElo "2023"]
[PlyCount "107"]
[EventDate "2009.03.21"]
[EventType "swiss"]
[EventRounds "9"]
[EventCountry "YUG"]
[SourceTitle "CBM 129 Extra"]
[Source "ChessBase"]
[SourceDate "2009.05.05"]
[SourceVersion "2"]
[SourceVersionDate "2009.05.20"]
[SourceQuality "1"]

1. e4 Nf6 2. Nc3 d5 3. e5 Nfd7 4. d4 e6 5. Nf3 c5 6. Bb5 Nc6 7. Be3 a6 8. Bxc6 bxc6 9. Bg5 Qb6 10. Na4 Qa5+ 11. c3 cxd4 12. Qxd4 c5 13. Qd1 Qb5 14. b3 Bb7 15. Nb2 a5 16. c4 Qc6 17. 0-0 d4 18. Re1 h6 19. Bd2 g5 20. Re2 g4 21. Ne1 h5 22. Bf4 Bh6 23. Qd2 Bg7 24. Rb1 Nf8 25. Bg5 Ng6 26. Nbd3 h4 27. f3 g3 28. h3 Rh5 29. f4 Ne7 30. Bxe7 Kxe7 31. Nf3 Bh6 32. a3 Ba6 33. Ree1 Bb7 34. Rb2 Ra7 35. Qe2 Rf5 36. Nxh4 Rxf4 37. Nxf4 Bxf4 38. Qd3 Bg5 39. Qxg3 Be3+ 40. Kh1 Qe4 41. Nf3 Qh7 42. Rxe3 dxe3 43. Qg5+ Ke8 44. Qxe3 Bxf3 45. Qxf3 Qh6 46. Re2 Rd7 47. Kh2 Rd2 48. Qa8+ Kd7 49. Qb7+ Kd8 50. Rxd2+ Qxd2 51. Qxf7 Qe3 52. Qf6+ Kd7 53. h4 Qxb3 54. h5 1-0

[Event "Belgrade-ch"]
[Site "Belgrade"]
[Date "2009.01.31"]
[Round "8"]
[White "Andrejevic, Miladin"]
[Black "Jovic, Branko"]
[Result "0-1"]
[WhiteElo "1973"]
[BlackElo "1848"]
[PlyCount "132"]
[EventDate "2009.01.24"]
[EventType "swiss"]
[EventRounds "9"]
[EventCountry "YUG"]
[SourceTitle "CBM 128 Extra"]
[Source "ChessBase"]
[SourceDate "2009.03.05"]
[SourceVersion "2"]
[SourceVersionDate "2009.03.25"]
[SourceQuality "1"]

1. e4 c5 2. Nf3 e6 3. d4 cxd4 4. Nxd4 Nc6 5. Be2 Nge7 6. Bg5 Qa5+ 7. Bd2 Qe5 8. Nb5 Ng6 9. Bc3 Bb4 10. 0-0 Bxc3 11. Nd6+ Ke7 12. Nc4 Qd4 13. Nxc3 Qxd1 14. Raxd1 Nce5 15. f4 Nxc4 16. Bxc4 d6 17. g3 a6 18. h4 b5 19. Be2 Rd8 20. Bf3 Bb7 21. Rd2 Rac8 22. a3 h6 23. Kf2 Nf8 24. Rfd1 Rd7 25. g4 Ng6 26. Kg3 Rcd8 27. h5 Nf8 28. Ne2 Nh7 29. Nd4 Nf6 30. Re1 Rc7 31. c3 Nd7 32. Nb3 Nb6 33. Na5 Nc4 34. Nxc4 Rxc4 35. Rd4 Rxd4 36. cxd4 Rc8 37. Re2 f6 38. Bg2 a5 39. g5 b4 40. axb4 axb4 41. gxh6 gxh6 42. Re3 Bc6 43. e5 Bxg2 44. Kxg2 Rc2+ 45. Kf3 Rxb2 46. Rd3 Rc2 47. Rb3 Rc3+ 48. Rxc3 bxc3 49. Ke3 fxe5 50. fxe5 dxe5 51. dxe5 Kd7 52. Kd3 Kc6 53. Kxc3 Kd5 54. Kd3 Kxe5 55. Ke3 Kf5 56. Kf3 Kg5 57. Ke4 Kxh5 58. Kf4 Kh4 59. Kf3 Kg5 60. Kg3 Kf5 61. Kf3 h5 62. Ke3 Kg4 63. Kf2 e5 64. Kg2 e4 65. Kh2 Kf3 66. Kg1 Ke2 0-1

[Event "Belgrade-ch"]
[Site "Belgrade"]
[Date "2009.01.27"]
[Round "4"]
[White "Andrejevic, Miladin"]
[Black "Arsic, Djordje"]
[Result "1/2-1/2"]
[WhiteElo "1973"]
[BlackElo "1764"]
[PlyCount "75"]
[EventDate "2009.01.24"]
[EventType "swiss"]
[EventRounds "9"]
[EventCountry "YUG"]
[SourceTitle "CBM 128 Extra"]
[Source "ChessBase"]
[SourceDate "2009.03.05"]
[SourceVersion "2"]
[SourceVersionDate "2009.03.25"]
[SourceQuality "1"]

1. e4 e5 2. Nf3 Nc6 3. Bc4 Nf6 4. 0-0 Bc5 5. c3 0-0 6. d4 exd4 7. cxd4 Bb6 8. Bg5 h6 9. Bxf6 Qxf6 10. e5 Qd8 11. Nc3 d6 12. exd6 Qxd6 13. d5 Ne5 14. Nxe5 Qxe5 15. Qf3 Qf5 16. Qd1 Qg5 17. Bb3 Bg4 18. Qd3 Bf5 19. Qf3 Rad8 20. Kh1 Bd4 21. Rfe1 h5 22. Kg1 Bg4 23. Qd3 c5 24. Bc2 g6 25. Qg3 h4 26. Qd3 Bf5 27. Ne4 Qf4 28. g3 hxg3 29. hxg3 Qe5 30. Kg2 Qxd5 31. f3 Bxb2 32. Qxd5 Rxd5 33. Rad1 Rxd1 34. Rxd1 Bd4 35. g4 Be6 36. a4 f5 37. Ng5 fxg4 38. fxg4 1/2-1/2

[Event "Belgrade Spring op"]
[Site "Belgrade"]
[Date "2008.03.27"]
[Round "3"]
[White "Andrejevic, Miladin"]
[Black "Jovic, Branko"]
[Result "1/2-1/2"]
[WhiteElo "1984"]
[BlackElo "1766"]
[PlyCount "57"]
[EventDate "2008.03.25"]
[EventType "swiss"]
[EventRounds "9"]
[EventCountry "YUG"]
[SourceTitle "CBM 123 Extra"]
[Source "ChessBase"]
[SourceDate "2008.05.06"]
[SourceVersion "1"]
[SourceVersionDate "2008.05.06"]
[SourceQuality "1"]

1. e4 c5 2. Nf3 e6 3. d4 cxd4 4. Nxd4 Bc5 5. Nb3 Bb6 6. Bd3 Ne7 7. Nc3 0-0 8. Bg5 f6 9. Bf4 d5 10. exd5 Nxd5 11. Nxd5 Qxd5 12. 0-0 Nc6 13. c4 Qd8 14. Qc2 f5 15. Rad1 Qe7 16. c5 Bc7 17. Bd6 Bxd6 18. cxd6 Qf7 19. Bc4 Bd7 20. Nc5 Na5 21. Nxd7 Qxd7 22. Qe2 Nxc4 23. Qxc4 Rac8 24. Qd4 Rc6 25. Rd2 Rfc8 26. h3 b6 27. Qa4 Rd8 28. Rfd1 Rcc8 29. Qb3 1/2-1/2

[Event "Belgrade Winter op"]
[Site "Belgrade"]
[Date "2008.01.26"]
[Round "5"]
[White "Andrejevic, Miladin"]
[Black "Jovic, Branko"]
[Result "1/2-1/2"]
[WhiteElo "1984"]
[BlackElo "1766"]
[PlyCount "108"]
[EventDate "2008.01.22"]
[EventType "swiss"]
[EventRounds "9"]
[EventCountry "YUG"]
[SourceTitle "CBM 122 Extra"]
[Source "ChessBase"]
[SourceDate "2008.03.04"]
[SourceVersion "1"]
[SourceVersionDate "2008.03.04"]
[SourceQuality "1"]

1. e4 c5 2. Nf3 e6 3. d4 cxd4 4. Nxd4 a6 5. Nc3 Nc6 6. Be3 Qc7 7. Qd2 d6 8. Be2 Nf6 9. 0-0 Be7 10. a3 Nxd4 11. Bxd4 e5 12. Be3 Be6 13. f3 0-0 14. Rad1 Rfd8 15. Na4 Qc6 16. Nb6 Rab8 17. c4 Nd7 18. Nd5 Bf8 19. Qa5 Nc5 20. Qc3 f5 21. Bg5 Re8 22. b4 Na4 23. Qb3 Nb6 24. Nxb6 Qxb6+ 25. Be3 Qc7 26. exf5 Bxf5 27. c5+ Kh8 28. cxd6 Bxd6 29. Rc1 Qe7 30. Bc5 Rbc8 31. Bxd6 Qxd6 32. Qe3 Qd4 33. Kf2 Qh4+ 34. Kg1 Qd4 35. Qf2 Kg8 36. Rxc8 Rxc8 37. Qxd4 exd4 38. Rd1 Rd8 39. Bd3 Bxd3 40. Rxd3 Kf7 41. Rd1 Ke6 42. Rc1 Kd5 43. Rc5+ Ke6 44. Kf2 Kd6 45. Ke2 Re8+ 46. Kd3 Re3+ 47. Kxd4 Rxa3 48. Rg5 g6 49. h4 Ke6 50. h5 Kf6 51. hxg6 hxg6 52. Rg4 a5 53. Kc5 axb4 54. Rxb4 Ra2 1/2-1/2

[Event "Belgrade Winter op"]
[Site "Belgrade"]
[Date "2008.01.24"]
[Round "3"]
[White "Stamatovic, Aleksandar"]
[Black "Andrejevic, Miladin"]
[Result "1-0"]
[WhiteElo "2199"]
[BlackElo "1984"]
[PlyCount "103"]
[EventDate "2008.01.22"]
[EventType "swiss"]
[EventRounds "9"]
[EventCountry "YUG"]
[SourceTitle "CBM 122 Extra"]
[Source "ChessBase"]
[SourceDate "2008.03.04"]
[SourceVersion "1"]
[SourceVersionDate "2008.03.04"]
[SourceQuality "1"]

1. e4 c5 2. Nf3 d6 3. Bb5+ Bd7 4. Bxd7+ Qxd7 5. 0-0 Nc6 6. c3 Nf6 7. Re1 Qg4 8. d4 0-0-0 9. Ng5 Qxd1 10. Rxd1 Rg8 11. Nxf7 Rd7 12. d5 Nd8 13. Nxd8 Kxd8 14. Re1 g5 15. Nd2 e6 16. Nf3 Rdg7 17. dxe6 Ng4 18. e5 dxe5 19. Nxe5 Nxe5 20. Rxe5 Bd6 21. Re4 Ke7 22. Be3 Rg6 23. Re1 Rh6 24. g3 Rhg6 25. b4 Rc8 26. Rd1 b6 27. h4 h6 28. hxg5 hxg5 29. Rd5 Rcg8 30. bxc5 bxc5 31. Bxc5 Bxc5 32. Rxc5 Rxe6 33. Rxe6+ Kxe6 34. Ra5 Rg7 35. Kf1 g4 36. Ke2 Rc7 37. Kd3 Rf7 38. Ke2 Rc7 39. c4 Rxc4 40. Rxa7 Kf5 41. a4 Ke4 42. Rf7 Rc2+ 43. Kf1 Kd3 44. Rf4 Rc5 45. Rxg4 Ra5 46. Rf4 Rh5 47. Kg2 Ke2 48. g4 Ra5 49. Kg3 Kf1 50. Kh4 Ra8 51. g5 Rh8+ 52. Kg4 1-0

[Event "Belgrade Winter op"]
[Site "Belgrade"]
[Date "2008.01.22"]
[Round "1"]
[White "Krstic, Petar"]
[Black "Andrejevic, Miladin"]
[Result "1-0"]
[WhiteElo "2302"]
[BlackElo "1984"]
[PlyCount "73"]
[EventDate "2008.01.22"]
[EventType "swiss"]
[EventRounds "9"]
[EventCountry "YUG"]
[SourceTitle "CBM 122 Extra"]
[Source "ChessBase"]
[SourceDate "2008.03.04"]
[SourceVersion "1"]
[SourceVersionDate "2008.03.04"]
[SourceQuality "1"]

1. d4 Nf6 2. c4 e6 3. Nc3 Bb4 4. e3 0-0 5. Nge2 b6 6. a3 Be7 7. d5 Bb7 8. Ng3 e5 9. Bd3 d6 10. Nf5 Bc8 11. Nxe7+ Qxe7 12. e4 Bg4 13. f3 Bh5 14. Bg5 h6 15. Bh4 Nbd7 16. Qe2 Nc5 17. Bc2 g5 18. Bf2 Qd7 19. Be3 Kg7 20. g4 Bg6 21. h4 gxh4 22. Rxh4 Rh8 23. 0-0-0 Rh7 24. Rdh1 Rah8 25. b4 Nb7 26. Qh2 Ng8 27. f4 exf4 28. Bd4+ f6 29. Qxf4 c5 30. dxc6 Qxc6 31. Nd5 Bf7 32. Nxf6 Nxf6 33. Bxf6+ Kg8 34. Bxh8 Rxh8 35. Rxh6 Rxh6 36. Qxh6 Bxc4 37. Qf6 1-0

[Event "Belgrade Spring op"]
[Site "Belgrade"]
[Date "2007.04.02"]
[Round "8"]
[White "Kerecki, Ljubisa"]
[Black "Andrejevic, Miladin"]
[Result "1-0"]
[WhiteElo "2119"]
[BlackElo "1980"]
[PlyCount "79"]
[EventDate "2007.03.26"]
[EventType "swiss"]
[EventRounds "9"]
[EventCountry "YUG"]
[SourceTitle "CBM 117 Extra"]
[Source "ChessBase"]
[SourceDate "2007.05.09"]
[SourceVersion "1"]
[SourceVersionDate "2007.05.09"]
[SourceQuality "1"]

1. e4 c5 2. Nf3 Nc6 3. d4 cxd4 4. Nxd4 Nf6 5. Nc3 a6 6. Be3 e6 7. Be2 Be7 8. f4 d6 9. Bf3 Qc7 10. Nb3 0-0 11. 0-0 Rb8 12. a4 Na5 13. Nxa5 Qxa5 14. Qd2 Rd8 15. Qf2 Nd7 16. Ne2 Bf6 17. c3 Qc7 18. g4 Rf8 19. g5 Be7 20. Ng3 f6 21. h4 b6 22. Qg2 Bb7 23. gxf6 Nxf6 24. Bd4 Bd8 25. e5 dxe5 26. Bxe5 Bxf3 27. Rxf3 Qc5+ 28. Bd4 Qc6 29. Re1 b5 30. f5 Bb6 31. fxe6 Bxd4+ 32. cxd4 Rbe8 33. Nf5 Qc7 34. e7 g6 35. exf8Q+ Rxf8 36. Re7 Qc1+ 37. Rf1 Qc4 38. h5 Qd5 39. Qxd5+ Kh8 40. Nh6 1-0